000 00619nam a2200229Ia 4500
008 160319s9999 xx 000 0 und d
100 _aShakespeare, William, 1564-1616.
245 _aHamlet /
260 _bDolby Digital
260 _cNA
300 _a1 videodisc (135 min.) ;
300 _c4 3/4 in.
650 _aFathers -- Death --
650 _aHamlet (Legendary character) --
650 _aKings and rulers -- Succession --
650 _aMurder victims' families --
650 _aYoung adult drama, English.
650 _xDrama.
650 _xDrama.
650 _xDrama.
650 _xDrama.
999 _c292451
_d292451